000 00880na a2200253 4500
001 20062
003 MIRAKIL
005 20181213155239.0
008 170103b tu 000 0
035 _a20062
040 _aMilas
_btur
_cTR-AnCHP
041 _atur
082 _a338.905641
_bB74 2003
090 _a338.905641 B74 2003
245 _aBölgesel gelişim raporu I
_bBatı Akdeniz Bölgesi (Antalya-Burdur-Isparta)
_b(Tarım-hayvancılık-hizmet sektörü)
_cTOBB, BAGEV
260 _aAnkara
_bTOBB
_c2003
300 _a356 s.
_btbl.; grf.
_c27 sm.
490 _aTOBB Araştırma Yayınları
_v1
650 _aEkonomik kalkınma ve büyüme
_xBölgesel gelişme
_yRaporlar
651 _aBatı Akdeniz Bölgesi
_xEkonomik durum
_yRaporlar
710 _aTürkiye Odalar ve Borsalar Birliği
710 _aBatı Akdeniz Ekonomisini Geliştirme Vakfı
942 _2ddc
_cBKS
999 _c9215
_d9215